Příčiny druhé světové války / A.J.P. Taylor ; [z anglického originálu ... přeložil Stanislav Cita]
Autor napsal knihu před čtyřiceti lety a teprve nyní se dočkala českého vydání. Je to podrobná studie, která podává autorův osobitý pohled na politický vývoj mezi dvěma válkami. Podle jeho názoru Hitler nechtěl válku v Evropě. Jeho cílem bylo získat pro německý národ "životní prostor", ale měl v úmyslu dosáhnout úspěchu hrozbou násilí a intrikováním, nikoli samotným násilím. Byl přesvědčen, že západní mocnosti budou příliš svázané, příliš ustrašené, než aby zasáhly. Hitlerův obor byla válka nervů a jeho záměry mu dlouho vycházely. Českého čtenáře zaujme kapitola o krizi kolem Československa, zejména ve srovnání s předmluvou, kterou ke knize napsal český historik Robert Kvaček. Kniha je opatřena autorskými a redakčními poznámkami.
Kniha uznávaného britského historika podává netradiční a diskutabilní pohled na příčiny vzniku druhé světové války.
Record details
- ISBN: 80-8046-288-7
- Physical Description: 301 s. : mapy
- Edition: Vyd. 1.
- Publisher: Bratislava : Perfekt, 2005
Content descriptions
| General Note: | Poznámky |
| Bibliography, etc. Note: | Obsahuje bibliografii a rejstřík |
Available copies
- 1 of 1 copy available at Common Catalog SPOK.
Holds
- 0 current holds with 1 total copy.
Show Only Available Copies
| Location | Call Number / Copy Notes | Barcode | Shelving Location | Status | Due Date |
|---|---|---|---|---|---|
| Terezin Initiative Institute | 4838 | 4594304838 | Knihovna ITI | Available | - |
| LDR | 02232nam a2200373 a 4500 | ||
|---|---|---|---|
| 001 | 27274 | ||
| 003 | CZ-PrJAB | ||
| 005 | 20221020075642.0 | ||
| 008 | 050503s2005 xo gr 0 cze | ||
| 020 | . | ‡a80-8046-288-7 | |
| 035 | . | ‡a(CONS)2092 | |
| 035 | . | ‡a(CZ PrSKC)000324581 | |
| 040 | . | ‡aPNA001 ‡bcze | |
| 041 | 1 | . | ‡acze ‡heng |
| 080 | . | ‡a94(100)"1939/1945" ‡2MRF | |
| 080 | . | ‡a327 ‡2MRF | |
| 080 | . | ‡a(430) ‡2MRF | |
| 080 | . | ‡a(0.062) ‡2MRF | |
| 100 | 1 | . | ‡aTaylor, A. J. P. ‡q(Alan John Percivale), ‡d1906-1990 ‡7jn19990008432 ‡4aut |
| 245 | 1 | 0. | ‡aPříčiny druhé světové války / ‡cA.J.P. Taylor ; [z anglického originálu ... přeložil Stanislav Cita] |
| 250 | . | ‡aVyd. 1. | |
| 260 | . | ‡aBratislava : ‡bPerfekt, ‡c2005 | |
| 300 | . | ‡a301 s. : ‡bmapy | |
| 500 | . | ‡aPoznámky | |
| 504 | . | ‡aObsahuje bibliografii a rejstřík | |
| 520 | 9 | . | ‡aAutor napsal knihu před čtyřiceti lety a teprve nyní se dočkala českého vydání. Je to podrobná studie, která podává autorův osobitý pohled na politický vývoj mezi dvěma válkami. Podle jeho názoru Hitler nechtěl válku v Evropě. Jeho cílem bylo získat pro německý národ "životní prostor", ale měl v úmyslu dosáhnout úspěchu hrozbou násilí a intrikováním, nikoli samotným násilím. Byl přesvědčen, že západní mocnosti budou příliš svázané, příliš ustrašené, než aby zasáhly. Hitlerův obor byla válka nervů a jeho záměry mu dlouho vycházely. Českého čtenáře zaujme kapitola o krizi kolem Československa, zejména ve srovnání s předmluvou, kterou ke knize napsal český historik Robert Kvaček. Kniha je opatřena autorskými a redakčními poznámkami. |
| 520 | 9 | . | ‡aKniha uznávaného britského historika podává netradiční a diskutabilní pohled na příčiny vzniku druhé světové války. |
| 852 | 4 | . | ‡bJACH-ITI ‡bJACH-ITI ‡cKnihovna ITI ‡j4838 ‡p4838 ‡y$0.00 |
| 910 | . | ‡aABE340 ‡b4838 | |
| 995 | . | ‡askok | |
| 901 | . | ‡a27274 ‡bUnknown ‡c27274 ‡tbiblio | |